A hitelvizsgálat szükségessége és folyamata egy kiválasztott kereskedelmi bank könyvvizsgálata során

Bibliográfiai részletek
Szerző: Ledniczky Gergely
További közreműködők: Szekeres Dr. Bernadett
Molnár Attila
Dokumentumtípus: Diplomadolgozat
Kulcsszavak:Hitelvizsgálat
Könyvvizsgálat
Kereskedelmi bank
Online Access:http://dolgozattar.uni-bge.hu/22072

MARC

LEADER 00000nta a2200000 i 4500
001 dolg22072
005 20190516091421.0
008 190516suuuu hu om 000 hun d
040 |a BGE Dolgozattár Repozitórium  |b hun 
041 |a hu 
100 1 |a Ledniczky Gergely 
245 1 2 |a A hitelvizsgálat szükségessége és folyamata egy kiválasztott kereskedelmi bank könyvvizsgálata során  |c Ledniczky Gergely  |h [elektronikus dokumentum] 
695 |a Hitelvizsgálat 
695 |a Könyvvizsgálat 
695 |a Kereskedelmi bank 
700 1 |a Szekeres Dr. Bernadett  |e ths 
700 1 |a Molnár Attila  |e ths 
856 4 0 |u http://dolgozattar.uni-bge.hu/22072/1/JBO5V4_Ledniczky%20Gergely_szakdolgozat_2019%20-%20felt%C3%B6lt%C3%A9sre.pdf  |z Dokumentum-elérés